[Event "Mitropa Cup 2007 Men"]
[Site "Szeged"]
[Date "2007.05.16."]
[Round "9"]
[White "Marzolo, Cyril"]
[Black "Pinter, Erik"]
[Result "1-0"]
[WhiteElo "2459"]
[BlackElo "2394"]
[WhiteCountry "FRA"]
[BlackCountry "SVK"]
[Board "1"]

1. d4 Nf6 2. c4 g6 3. Nc3 d5 4. Bf4 Bg7 5. e3 O-O 6. Rc1 c5 7. dxc5 Qa5
8. cxd5 Ne4 9. Ne2 Nxc5 10. a3 Ne4 11. f3 Nxc3 12. Nxc3 e6 13. Bc4 exd5
14. Qxd5 Qb6 15. Qd2 Be6 16. Na4 Qc6 17. Bxe6 Qxe6 18. O-O Na6 19. Rfd1 Qb3
20. Qc2 Qe6 21. b4 Rfc8 22. Qd3 Rxc1 23. Rxc1 Re8 24. b5 Nb8 25. Nc5 Qe7
26. Qd6 Qxd6 27. Bxd6 Bb2 28. Rc2 Bxa3 29. Nxb7 Bxd6 30. Nxd6 Rd8
31. Nb7 Rd1 32. Kf2 Kg7 33. Ra2 Rd5 34. Rxa7 Rd7 35. e4 h5 36. h4 Kf6
37. Ke3 Ke7 38. Kf4 f6 39. b6 Nc6 40. Na5 Ke8 1-0